Statistiques concernant Cépages AOC du Bugey

Cliquez ici pour prendre le quiz!

Statistiques générales

  • Ce quiz a été pris 3 fois
  • Le résultat moyen est 3 sur 17

Statistiques - réponses

HintRéponse% Correct
Bugey Blancaligoté
100%
Bugey rouge/roségamay
50%
Bugey Cerdongamay
50%
Bugey rouge/rosépinot noir
50%
Bugey Blancaltesse
0%
Roussette du Bugeyaltesse
0%
Bugey Manicle Blancchardonnay
0%
Bugey Blancchardonnay
0%
Bugey Blancjacquère
0%
Bugey Blancmolette
0%
Bugey rouge/rosémondeuse
0%
Bugey montagnieu rougemondeuse
0%
Bugey Blancmondeuse blanche
0%
Bugey rouge/rosépinot gris
0%
Bugey Manicle Rougepinot noir
0%
Bugey rouge/rosépoulsard
0%
Bugey Cerdonpoulsard
0%

Distribution des résultats

Percentile par nombre de réponses

% des personnes avec chaque résultat

Votre développement - résultats

Vous n’avez pas pris ce quiz